[Event "Chip 2004 Open Fide"]
[Site "?"]
[Date "????.??.??"]
[Round "3"]
[White "Khairallah, F."]
[Black "Shchekachev, A."]
[Result "1/2-1/2"]
[WhiteElo "2283"]
[BlackElo "2570"]
[PlyCount "101"]
[SourceDate "2004.07.04"]

1. e4 c5 2. Nf3 e6 3. d4 cxd4 4. Nxd4 a6 5. Bd3 Bc5 6. Nb3 Be7 7. Nc3 d6 8. O-O
Nf6 9. f4 Nbd7 10. Qf3 Qc7 11. Kh1 b6 12. Bd2 Bb7 13. Rae1 g6 14. Qh3 h5 15.
Nd4 Nc5 16. b4 Nxd3 17. cxd3 Qd7 18. Nf3 Rc8 19. a3 Ng4 20. Qg3 Rc7 21. h3 Nf6
22. Qf2 b5 23. Rc1 O-O 24. Ne2 Rxc1 25. Rxc1 Rc8 26. Qd4 Ne8 27. Bc3 Bf6 28.
Qe3 Bxc3 29. Rxc3 Rxc3 30. Nxc3 Qc7 31. Qd4 f6 32. Ne2 e5 33. Qb2 Bc8 34. Qb3+
Kh7 35. a4 bxa4 36. Qxa4 Ng7 37. fxe5 dxe5 38. Qb3 Be6 39. Qc3 Ne8 40. Qxc7+
Nxc7 41. Nc3 Kg7 42. Kg1 Kf7 43. Kf2 Ke7 44. Ke3 Kd6 45. d4 exd4+ 46. Kxd4 Bc8
47. Nd2 Ne6+ 48. Ke3 Nd8 49. Nc4+ Ke6 50. b5 axb5 51. Nxb5 1/2-1/2

[Event "Chip 2004 Open Fide"]
[Site "?"]
[Date "????.??.??"]
[Round "3"]
[White "Goldsztejn, G."]
[Black "Mendeiros, J."]
[Result "1/2-1/2"]
[WhiteElo "2303"]
[BlackElo "2227"]
[PlyCount "110"]
[SourceDate "2004.07.04"]

1. d4 Nf6 2. c4 g6 3. Nc3 d5 4. Nf3 Bg7 5. cxd5 Nxd5 6. Bg5 h6 7. Bh4 c5 8.
Nxd5 Qxd5 9. Rc1 Nd7 10. e3 cxd4 11. exd4 O-O 12. Be2 Qa5+ 13. Rc3 Nb6 14. O-O
Nd5 15. Rc5 Qd8 16. Bc4 Nf6 17. Re1 Bg4 18. Be2 b6 19. Rc1 Nd5 20. h3 Bc8 21.
Bc4 Bf6 22. Bg3 Bb7 23. Ne5 Rc8 24. Qg4 Kg7 25. Bd3 Rxc1 26. Rxc1 Bg5 27. Rd1
Nf6 28. Qe2 Nh5 29. Bh2 Nf4 30. Bxf4 Bxf4 31. Qg4 Bxe5 32. dxe5 Qc8 33. Bf1
Qxg4 34. hxg4 Bc8 35. Rd4 Be6 36. Bc4 Bxc4 37. Rxc4 Rd8 38. Rc7 e6 39. Rxa7
Rd1+ 40. Kh2 Rd2 41. b4 Rxf2 42. Ra6 Rb2 43. a3 Rb3 44. Kg1 h5 45. g5 Kf8 46.
Kf2 Ke7 47. Ke2 Kd7 48. Rxb6 Rxa3 49. Rb7+ Kc6 50. Rxf7 Kd5 51. Rf6 Kxe5 52.
Rxg6 Rb3 53. Rh6 Rxb4 54. Rxh5 Kf5 55. Kf3 Rf4+ 1/2-1/2

[Event "Chip 2004 Open Fide"]
[Site "?"]
[Date "????.??.??"]
[Round "3"]
[White "Payen, A."]
[Black "Verdier, P."]
[Result "0-1"]
[WhiteElo "2400"]
[BlackElo "2261"]
[PlyCount "111"]
[SourceDate "2004.07.04"]

1. d4 Nf6 2. Nf3 c5 3. e3 e6 4. Bd3 b6 5. O-O Bb7 6. b3 Be7 7. Bb2 O-O 8. c4
cxd4 9. exd4 d5 10. Nc3 dxc4 11. bxc4 Nc6 12. Rc1 Rc8 13. a3 Na5 14. Ne5 g6 15.
Re1 Re8 16. Na2 Nd7 17. f4 Nxe5 18. fxe5 Bg5 19. Rc2 Bf4 20. Qg4 Qg5 21. Qxg5
Bxg5 22. Nb4 Red8 23. Kf2 Nb3 24. Be4 Bxe4 25. Rxe4 Nd2 26. Rg4 h5 27. Rxg5
Ne4+ 28. Ke3 Nxg5 29. a4 Nh7 30. Ba3 f6 31. Nd3 f5 32. h4 Kf7 33. Nf4 g5 34.
hxg5 Nxg5 35. Kd3 Ne4 36. d5 exd5 37. cxd5 Rxc2 38. Kxc2 Rc8+ 39. Kb2 Nc5 40.
a5 Rg8 41. Bxc5 bxc5 42. d6 Re8 43. d7 Rd8 44. Kc3 Ke7 45. e6 Rg8 46. Kd3 h4
47. a6 c4+ 48. Kc3 Rg3+ 49. Kb4 c3 50. Nd5+ Kd8 51. Kb3 c2+ 52. Kxc2 Rxg2+ 53.
Kd3 Rg6 54. Nf4 Rg4 55. Ke3 h3 56. Nd3 0-1

[Event "Chip 2004 Open Fide"]
[Site "?"]
[Date "????.??.??"]
[Round "3"]
[White "Sandipan, C."]
[Black "Mahesh Chandran, P."]
[Result "1-0"]
[WhiteElo "2555"]
[BlackElo "2441"]
[PlyCount "105"]
[SourceDate "2004.07.04"]

1. e4 e5 2. Nf3 Nc6 3. Bb5 a6 4. Ba4 Nf6 5. O-O Be7 6. Re1 b5 7. Bb3 d6 8. c3
O-O 9. d4 Bg4 10. Be3 Na5 11. dxe5 Bxf3 12. Qxf3 dxe5 13. Nd2 Qd3 14. Bg5 Rfd8
15. Qxd3 Rxd3 16. Nf3 Nxb3 17. axb3 Rd6 18. Nxe5 Re8 19. Nf3 Re6 20. Nd4 Rxe4
21. Rxe4 Nxe4 22. Bxe7 Rxe7 23. Nxb5 h5 24. Nd4 c5 25. Nc6 Re6 26. Na5 Nd2 27.
f3 Re2 28. c4 h4 29. h3 Kf8 30. Rd1 g5 31. b4 cxb4 32. c5 g4 33. fxg4 Ne4 34.
Rc1 Ke8 35. c6 Nd6 36. Nb7 Nc8 37. Rd1 Nb6 38. c7 Rc2 39. Nd6+ Kd7 40. Nxf7+
Kxc7 41. g5 Nc4 42. Re1 Rxb2 43. g6 Rb3 44. Nh6 Rg3 45. Ng4 Rd3 46. g7 Rd8 47.
Rc1 Kb6 48. Rxc4 a5 49. Nf6 b3 50. Nd5+ Kb5 51. Rxh4 Rg8 52. Nc3+ Kc5 53. Rg4
1-0

[Event "Chip 2004 Open Fide"]
[Site "?"]
[Date "????.??.??"]
[Round "3"]
[White "Rey, F."]
[Black "Templier, N."]
[Result "0-1"]
[WhiteElo "2202"]
[BlackElo "2274"]
[PlyCount "106"]
[SourceDate "2004.07.04"]

1. e4 c5 2. c3 d5 3. exd5 Qxd5 4. d4 Nf6 5. Nf3 Nc6 6. Be3 cxd4 7. cxd4 e6 8.
Nc3 Qd6 9. a3 Be7 10. Bd3 O-O 11. O-O b6 12. Qe2 Bb7 13. Rad1 Rfe8 14. Bb1 Rac8
15. Qd3 g6 16. Ba2 Nd5 17. Ne4 Qc7 18. Bh6 Ncb4 19. Qb1 Nxa2 20. Qxa2 Nf6 21.
Ned2 Qc2 22. Ne5 Bd5 23. Qa1 Ne4 24. Ndf3 Nd6 25. b4 f6 26. Rd2 Qc3 27. Qe1
fxe5 28. Qxe5 Bf8 29. Bxf8 Rxf8 30. Qxd6 Rxf3 31. Rdd1 Rf5 32. h4 Qc7 33. Qxc7
Rxc7 34. Rc1 Rff7 35. f3 Rc4 36. Rxc4 Bxc4 37. Rc1 b5 38. a4 Rf4 39. axb5 Rxd4
40. g3 Bxb5 41. Rc8+ Kg7 42. Rc7+ Rd7 43. Rc5 a6 44. Kf2 Kf6 45. g4 e5 46. Rc8
Rd4 47. g5+ Ke6 48. Kg3 Rxb4 49. Rh8 Rb3 50. Rxh7 e4 51. Rg7 Rxf3+ 52. Kg4 Be2
53. Rxg6+ Rf6+ 0-1

[Event "Chip 2004 Open Fide"]
[Site "?"]
[Date "????.??.??"]
[Round "3"]
[White "Guyard, B."]
[Black "Gollain"]
[Result "1-0"]
[WhiteElo "2232"]
[BlackElo "2177"]
[PlyCount "53"]
[SourceDate "2004.07.04"]

1. d4 Nf6 2. c4 e6 3. Nf3 c5 4. d5 exd5 5. cxd5 d6 6. Nc3 g6 7. Bf4 Bg7 8. e4
O-O 9. Be2 a6 10. a4 Qe7 11. Nd2 Nbd7 12. O-O Ne5 13. Bg3 g5 14. f4 gxf4 15.
Bxf4 Ng6 16. Bg3 Nd7 17. Nc4 Bd4+ 18. Bf2 Bxf2+ 19. Rxf2 Nde5 20. Ne3 Qg5 21.
Nf5 Rd8 22. Kh1 b6 23. Qc2 Nf8 24. Raf1 Nfg6 25. g3 Ng4 26. Bxg4 Qxg4 27. Nh6+
1-0

[Event "Chip 2004 Open Fide"]
[Site "?"]
[Date "????.??.??"]
[Round "3"]
[White "Fayard, A."]
[Black "Lamorelle, J."]
[Result "0-1"]
[WhiteElo "2253"]
[BlackElo "2202"]
[PlyCount "32"]
[SourceDate "2004.07.04"]

1. e4 e5 2. Nc3 Nf6 3. g3 d5 4. exd5 Nxd5 5. Bg2 Be6 6. Nf3 Nc6 7. d3 f6 8. O-O
Qd7 9. Nxd5 Bxd5 10. Ne1 Bxg2 11. Nxg2 O-O-O 12. Be3 h5 13. f4 h4 14. Nxh4 exf4
15. Bf2 Qh3 16. Qf3 Rxh4 0-1

[Event "Chip 2004 Open Fide"]
[Site "?"]
[Date "????.??.??"]
[Round "3"]
[White "Hajek, J."]
[Black "Douriet, A."]
[Result "0-1"]
[WhiteElo "2205"]
[BlackElo "2277"]
[PlyCount "82"]
[SourceDate "2004.07.04"]

1. d4 Nf6 2. c4 g6 3. Nc3 Bg7 4. e4 d6 5. Be2 O-O 6. Nf3 e5 7. O-O exd4 8. Nxd4
Re8 9. f3 Nc6 10. Be3 Nh5 11. Qd2 Nf4 12. Nxc6 Nxe2+ 13. Nxe2 bxc6 14. Bd4 c5
15. Bxg7 Kxg7 16. Nc3 Be6 17. b3 f6 18. f4 Bf7 19. Rae1 Qe7 20. Rf3 Rad8 21.
Ref1 Rd7 22. Qb2 c6 23. Rd3 Kg8 24. Rfd1 Be6 25. h3 Red8 26. Qf2 Kh8 27. Qf3
Qg7 28. f5 Bf7 29. e5 fxe5 30. Qxc6 gxf5 31. Rxd6 Rxd6 32. Rxd6 Rg8 33. Rd2 Qg5
34. Qd6 Qe3+ 35. Kf1 Qxc3 36. Qf6+ Rg7 37. Rd8+ Bg8 38. Rxg8+ Kxg8 39. Qd8+ Kf7
40. Qd7+ Kg6 41. Qe8+ Kh6 0-1

[Event "Chip 2004 Open Fide"]
[Site "?"]
[Date "????.??.??"]
[Round "3"]
[White "Koulitchenko, A."]
[Black "Dudognon, M."]
[Result "1-0"]
[WhiteElo "2185"]
[BlackElo "2235"]
[PlyCount "69"]
[SourceDate "2004.07.04"]

1. e4 c5 2. Nf3 e6 3. d4 cxd4 4. Nxd4 Nc6 5. Nc3 Bb4 6. Ndb5 a6 7. Nd6+ Ke7 8.
Bf4 Qa5 9. Qd2 Bxc3 10. bxc3 f6 11. Rd1 Qd8 12. Bc4 b5 13. Bd5 Kf8 14. Bxc6
dxc6 15. Qd4 Ne7 16. Qc5 Bd7 17. e5 Nd5 18. exf6 gxf6 19. Nb7+ Kf7 20. Nxd8+
Rhxd8 21. Bg3 e5 22. O-O Rac8 23. c4 Nc3 24. Rd3 Ne2+ 25. Kh1 Nd4 26. Rfd1 Be6
27. c3 bxc4 28. R3d2 Rc7 29. cxd4 Rcd7 30. Qxc6 exd4 31. Rb2 Bd5 32. Qc5 c3 33.
Rb4 Be4 34. Rbxd4 c2 35. Rxd7+ 1-0

[Event "Chip 2004 Open Fide"]
[Site "?"]
[Date "????.??.??"]
[Round "3"]
[White "Callet, E."]
[Black "Borzakian, M."]
[Result "1/2-1/2"]
[WhiteElo "2204"]
[BlackElo "2200"]
[PlyCount "49"]
[SourceDate "2004.07.04"]

1. e4 g6 2. d4 d6 3. f4 c5 4. d5 Bg7 5. Nf3 Nf6 6. Nc3 O-O 7. Be2 Bg4 8. Nd2
Bxe2 9. Qxe2 e6 10. dxe6 fxe6 11. O-O Nc6 12. Nf3 Nd4 13. Qd3 Qb6 14. Kh1 Rae8
15. Rb1 Qc6 16. Nxd4 cxd4 17. Qxd4 e5 18. Qd3 exf4 19. Bxf4 Nxe4 20. Nxe4 Qxe4
21. Qb3+ d5 22. Bg3 Qc4 23. Rxf8+ Rxf8 24. Qxc4 dxc4 25. b3 1/2-1/2

[Event "Chip 2004 Open Fide"]
[Site "?"]
[Date "????.??.??"]
[Round "3"]
[White "Maisuradze, N."]
[Black "Kengis, E."]
[Result "0-1"]
[WhiteElo "2277"]
[BlackElo "2562"]
[PlyCount "56"]
[SourceDate "2004.07.04"]

1. d4 e6 2. c4 b6 3. a3 g6 4. Nc3 Bg7 5. e4 Ne7 6. Bg5 h6 7. Be3 Bb7 8. Qd2 d6
9. g3 Nd7 10. Bg2 Nf5 11. Nf3 Nxe3 12. fxe3 O-O 13. O-O a6 14. b4 c5 15. Rfd1
Qc7 16. Rac1 Rad8 17. Qe2 Rfe8 18. Qa2 Nf6 19. e5 Ng4 20. exd6 Rxd6 21. Qe2
Rdd8 22. h3 Bxf3 23. Qxf3 Nxe3 24. Rd2 Nxc4 25. Re2 cxd4 26. Ne4 d3 27. Rf2 f5
28. Nd2 Nxd2 0-1

[Event "Chip 2004 Open Fide"]
[Site "?"]
[Date "????.??.??"]
[Round "3"]
[White "David, A."]
[Black "Abergel, T."]
[Result "1-0"]
[WhiteElo "2574"]
[BlackElo "2442"]
[PlyCount "47"]
[SourceDate "2004.07.04"]

1. d4 Nf6 2. c4 e6 3. Nc3 Bb4 4. e3 Nc6 5. Bd2 O-O 6. Qc2 d5 7. a3 Bxc3 8. Bxc3
Ne4 9. Nf3 Qf6 10. Bd3 Nxc3 11. Qxc3 Re8 12. O-O dxc4 13. Bxc4 e5 14. d5 Nd8
15. Rac1 Bf5 16. Rfe1 Re7 17. Nd2 Rc8 18. e4 Bg4 19. h3 Bh5 20. Qe3 a6 21. Nb3
c6 22. Be2 Bxe2 23. Rxe2 Rcc7 24. d6 1-0

[Event "Chip 2004 Open Fide"]
[Site "?"]
[Date "????.??.??"]
[Round "3"]
[White "Bardy, V."]
[Black "Calistri, T."]
[Result "0-1"]
[WhiteElo "1977"]
[BlackElo "2332"]
[PlyCount "50"]
[SourceDate "2004.07.04"]

1. e4 c5 2. Nf3 Nc6 3. d4 cxd4 4. Nxd4 e5 5. Nb5 d6 6. N1c3 a6 7. Na3 Nf6 8.
Bg5 b5 9. Nd5 Be7 10. Bxf6 Bxf6 11. c3 Bg5 12. Nc2 O-O 13. a4 bxa4 14. Rxa4 a5
15. Bb5 Ne7 16. Ncb4 Be6 17. Nxe7+ Qxe7 18. Bc6 Rab8 19. Rxa5 Qc7 20. Qa4 Bc4
21. Bd5 Bc1 22. b3 Bxb3 23. Qa1 Bxd5 24. Na6 Qc4 25. Ra4 Qd3 0-1

[Event "Chip 2004 Open Fide"]
[Site "?"]
[Date "????.??.??"]
[Round "3"]
[White "De Pierrefeu, T."]
[Black "Renaudin, M."]
[Result "0-1"]
[WhiteElo "2198"]
[BlackElo "2205"]
[PlyCount "38"]
[SourceDate "2004.07.04"]

1. e4 e6 2. d4 d5 3. Nc3 Bb4 4. e5 Ne7 5. Qg4 O-O 6. Nf3 Nd7 7. Bd3 f5 8. Qh4
Ng6 9. Qh5 Qe8 10. g4 c5 11. Ng5 h6 12. Nxe6 Qxe6 13. gxf5 Qe8 14. fxg6 cxd4
15. Bxh6 Qxe5+ 16. Qxe5 Nxe5 17. Bd2 Nf3+ 18. Ke2 Nxd2 19. Nxd5 Bg4+ 0-1

[Event "Chip 2004 Open Fide"]
[Site "?"]
[Date "????.??.??"]
[Round "3"]
[White "Drasko, M."]
[Black "Solozhenkin, E."]
[Result "1/2-1/2"]
[WhiteElo "2463"]
[BlackElo "2480"]
[PlyCount "33"]
[SourceDate "2004.07.04"]

1. Nf3 Nf6 2. g3 d5 3. Bg2 c6 4. O-O Bg4 5. d3 Nbd7 6. Qe1 e6 7. Nbd2 Be7 8. e4
O-O 9. h3 Bh5 10. a3 Ne8 11. b3 Nc7 12. Bb2 f6 13. d4 b5 14. Qe3 Bf7 15. Qc3 a5
16. Rfc1 Ra6 17. a4 1/2-1/2

[Event "Chip 2004 Open Fide"]
[Site "?"]
[Date "????.??.??"]
[Round "4"]
[White "Shchekachev, A."]
[Black "Douriet, A."]
[Result "1-0"]
[WhiteElo "2570"]
[BlackElo "2277"]
[PlyCount "144"]
[SourceDate "2004.07.04"]

1. Nf3 Nf6 2. c4 g6 3. Nc3 Bg7 4. e4 d6 5. d4 O-O 6. Be2 Bg4 7. Be3 Nfd7 8. Rc1
e5 9. d5 f5 10. h3 Bxf3 11. Bxf3 a5 12. a3 Na6 13. Qc2 Rf7 14. Rb1 Kh8 15. h4
f4 16. Bc1 h5 17. Qe2 Qe7 18. b4 axb4 19. axb4 Raf8 20. Nb5 Kg8 21. Qd1 Bf6 22.
Be2 Bxh4 23. c5 Qg5 24. Bf3 Nf6 25. Rb2 dxc5 26. g3 Bxg3 27. fxg3 Nxe4 28. Bxe4
Qxg3+ 29. Kf1 f3 30. d6 c6 31. Nc7 Qg4 32. Nxa6 Qxe4 33. Nxc5 Qc4+ 34. Kf2 Qg4
35. Rh2 h4 36. Kf1 h3 37. Be3 b6 38. Nd3 Qe4 39. Bh6 Rd8 40. Nf2 Qc4+ 41. Kg1
Ra8 42. Rxh3 e4 43. Be3 c5 44. bxc5 bxc5 45. d7 Rd8 46. Rb8 Rxb8 47. d8=Q+ Rxd8
48. Qxd8+ Rf8 49. Rh8+ Kxh8 50. Qxf8+ Qg8 51. Qxc5 Qe6 52. Bd4+ Kg8 53. Qc7 Kf8
54. Qb8+ Kf7 55. Qf4+ Qf5 56. Qc7+ Ke6 57. Qc6+ Kf7 58. Qxe4 Qxe4 59. Nxe4 Ke6
60. Ng5+ Kd5 61. Be3 Ke5 62. Kf2 Kf5 63. Kxf3 Ke5 64. Kg4 Kd5 65. Bf4 Kd4 66.
Nf7 Ke4 67. Ne5 Kd5 68. Nxg6 Ke4 69. Ne5 Kd5 70. Ng6 Ke4 71. Ne7 Kd4 72. Nf5+
Kd3 1-0

[Event "Chip 2004 Open Fide"]
[Site "?"]
[Date "????.??.??"]
[Round "4"]
[White "Agababean, N."]
[Black "Rey, F."]
[Result "1-0"]
[WhiteElo "2189"]
[BlackElo "2202"]
[PlyCount "104"]
[SourceDate "2004.07.04"]

1. d4 c5 2. d5 d6 3. g3 Nf6 4. Bg2 b5 5. a4 b4 6. b3 g6 7. Bb2 Bg7 8. Nd2 Nbd7
9. a5 Ba6 10. Nc4 O-O 11. e4 Qc7 12. Ne2 Rab8 13. O-O Bxc4 14. bxc4 Ng4 15.
Bxg7 Kxg7 16. Qb1 Qb7 17. Qb3 Qa6 18. f4 e5 19. dxe6 fxe6 20. Rfd1 Rbd8 21. h3
Nh6 22. c3 Rb8 23. Nc1 e5 24. Nd3 bxc3 25. Qxc3 Nf7 26. h4 Rfc8 27. f5 Rb7 28.
Rab1 Rcb8 29. Rxb7 Qxb7 30. Nf4 Qb3 31. Ne6+ Kg8 32. Qxb3 Rxb3 33. fxg6 hxg6
34. Nc7 Rc3 35. Nb5 Rxc4 36. Nxa7 Ra4 37. Nc8 Rxa5 38. Nxd6 Nf6 39. Nc4 Ra2 40.
Rc1 Kf8 41. Bf3 Ke7 42. Rb1 Ra7 43. Rb6 Rc7 44. g4 g5 45. h5 Rd7 46. Rc6 Rd4
47. Ne3 Rd3 48. Nf5+ Ke8 49. Rxf6 Rxf3 50. Ng7+ Kf8 51. Rxf3 Kxg7 52. Kg2 Nd6
1-0

[Event "Chip 2004 Open Fide"]
[Site "?"]
[Date "????.??.??"]
[Round "4"]
[White "Derieux, C."]
[Black "Houhou, O."]
[Result "0-1"]
[WhiteElo "2186"]
[BlackElo "2259"]
[PlyCount "90"]
[SourceDate "2004.07.04"]

1. d4 Nf6 2. c4 g6 3. Nc3 d5 4. h4 Bg7 5. h5 Nxh5 6. cxd5 c6 7. e4 cxd5 8. e5
Bf8 9. g4 Ng7 10. Bg2 e6 11. Bh6 Nc6 12. Nge2 Qb6 13. Qd2 Bd7 14. Qf4 O-O-O 15.
O-O-O Be8 16. Kb1 Na5 17. Rh3 Nc4 18. Qc1 Kb8 19. Ka1 Rc8 20. Qb1 Bd7 21. Rc1
Rg8 22. Rch1 Bb4 23. Bxg7 Rxg7 24. Rxh7 Rxh7 25. Rxh7 Be8 26. Rh8 Qa5 27. Rh3
a6 28. f4 Bc6 29. f5 gxf5 30. gxf5 Rg8 31. Qh1 Qb6 32. Nd1 Ka7 33. Rh8 Rxh8 34.
Qxh8 exf5 35. Qf6 Qc7 36. Qxf5 Bd2 37. Qd3 Ba5 38. Ndc3 Qd7 39. b3 Na3 40. Kb2
Nb5 41. a4 Nxc3 42. Nxc3 Qe6 43. Qf3 Qh6 44. Qe2 Qf4 45. Qd3 Qf2+ 0-1

[Event "Chip 2004 Open Fide"]
[Site "?"]
[Date "????.??.??"]
[Round "4"]
[White "Callet, E."]
[Black "Payen, A."]
[Result "1-0"]
[WhiteElo "2204"]
[BlackElo "2400"]
[PlyCount "85"]
[SourceDate "2004.07.04"]

1. e4 e5 2. Nf3 Nc6 3. Bb5 a6 4. Ba4 Nf6 5. O-O Be7 6. Re1 b5 7. Bb3 d6 8. c3
O-O 9. h3 Na5 10. Bc2 c5 11. d4 Nd7 12. Nbd2 exd4 13. cxd4 Nc6 14. d5 Nce5 15.
Nxe5 Nxe5 16. f4 Ng6 17. Nf3 Bh4 18. Rf1 f5 19. e5 dxe5 20. Nxe5 Qd6 21. Be3
Bb7 22. b4 cxb4 23. Qh5 Nxe5 24. fxe5 Qxe5 25. Bf4 Qf6 26. Rad1 a5 27. g3 g5
28. Bc7 Qg7 29. Bd6 Rfd8 30. Rxf5 Rxd6 31. gxh4 Rh6 32. Qe2 Rxh4 33. Qe6+ Kh8
34. Rf7 Qc3 35. Rd3 Qa1+ 36. Kh2 Qb2 37. Rd2 g4 38. Re2 Rg8 39. Rxb7 Rxh3+ 40.
Kg2 Rf8 41. Rf7 Rg8 42. Qe7 Rg7 43. Rf8+ 1-0

[Event "Chip 2004 Open Fide"]
[Site "?"]
[Date "????.??.??"]
[Round "4"]
[White "Lamorelle, J."]
[Black "Salaun, Y."]
[Result "0-1"]
[WhiteElo "2202"]
[BlackElo "2336"]
[PlyCount "66"]
[SourceDate "2004.07.04"]

1. e4 g6 2. d4 Bg7 3. Nc3 d6 4. Nf3 Nf6 5. Be2 O-O 6. O-O Nc6 7. d5 Nb4 8. a3
Na6 9. Bxa6 bxa6 10. Be3 Bb7 11. Qd2 c6 12. Bh6 cxd5 13. exd5 Rc8 14. Rfe1 Re8
15. Bxg7 Kxg7 16. Ng5 Rc5 17. Nge4 Nxe4 18. Rxe4 e5 19. b4 Rc7 20. Nd1 f5 21.
Re1 Qd7 22. Nb2 f4 23. f3 g5 24. c4 Kh8 25. Rac1 g4 26. Kh1 Rg8 27. Qe2 Qc8 28.
Qe4 Rcg7 29. Rg1 Qd8 30. Nd3 g3 31. Nxe5 dxe5 32. Qxe5 Qh4 33. h3 Bc8 0-1

[Event "Chip 2004 Open Fide"]
[Site "?"]
[Date "????.??.??"]
[Round "4"]
[White "Romanishin, O."]
[Black "Khairallah, F."]
[Result "1/2-1/2"]
[WhiteElo "2541"]
[BlackElo "2283"]
[PlyCount "63"]
[SourceDate "2004.07.04"]

1. d4 Nf6 2. Nf3 g6 3. g3 Bg7 4. Bg2 d6 5. O-O c6 6. a4 O-O 7. a5 Ne4 8. c4 Qe8
9. Nbd2 Nxd2 10. Bxd2 Na6 11. e4 Bg4 12. Be3 Qc8 13. Qd2 Bh3 14. Bh6 Bxg2 15.
Kxg2 Qe6 16. Bxg7 Kxg7 17. Qc3 Kg8 18. Rae1 b5 19. d5 Qd7 20. Nd4 cxd5 21. cxb5
Rfc8 22. Nc6 Nc7 23. exd5 Nxd5 24. Qf3 e6 25. a6 Nc7 26. Qf6 Re8 27. Rc1 Nxb5
28. Rfd1 d5 29. h4 Nd6 30. h5 Ne4 31. Qh4 f5 32. hxg6 1/2-1/2

[Event "Chip 2004 Open Fide"]
[Site "?"]
[Date "????.??.??"]
[Round "4"]
[White "Borzakian, M."]
[Black "Maisuradze, N."]
[Result "1/2-1/2"]
[WhiteElo "2200"]
[BlackElo "2277"]
[PlyCount "54"]
[SourceDate "2004.07.04"]

1. e4 c5 2. Nc3 Nc6 3. Bb5 Nd4 4. Bc4 g6 5. Nf3 Bg7 6. Nxd4 cxd4 7. Qf3 Nh6 8.
d3 O-O 9. Ne2 Qb6 10. Bb3 Kh8 11. h4 f5 12. h5 fxe4 13. Qxe4 d5 14. Qxd5 Rf5
15. Qe4 Re5 16. Qxe5 Bxe5 17. Bxh6 Be6 18. hxg6 Bxb3 19. axb3 Rc8 20. Bf4 Bxf4
21. Rxh7+ Kg8 22. Nxf4 Rxc2 23. Kf1 Qc6 24. Rxa7 Rc1+ 25. Ke2 Rc2+ 26. Kf1 Rc1+
27. Ke2 Rc2+ 1/2-1/2

[Event "Chip 2004 Open Fide"]
[Site "?"]
[Date "????.??.??"]
[Round "4"]
[White "Hinks-Edwards, T."]
[Black "Kveinys, A."]
[Result "0-1"]
[WhiteElo "2366"]
[BlackElo "2565"]
[PlyCount "112"]
[SourceDate "2004.07.04"]

1. e4 c5 2. Nf3 e6 3. d3 b6 4. g3 Bb7 5. Bg2 g6 6. Bg5 f6 7. Be3 Bg7 8. d4 Nh6
9. Nc3 Na6 10. h3 O-O 11. O-O f5 12. Bg5 Qe8 13. Re1 Nf7 14. Bc1 cxd4 15. Nxd4
Qc8 16. exf5 gxf5 17. f4 Bxg2 18. Kxg2 Qb7+ 19. Kh2 Nc5 20. Be3 Rac8 21. Qe2 a6
22. a4 Nd6 23. Rad1 Ne8 24. Qg2 Qxg2+ 25. Kxg2 Nf6 26. Re2 h5 27. Nb3 Rc6 28.
Bd4 Nxb3 29. cxb3 d5 30. Bxf6 Bxf6 31. Rd3 Kf7 32. Kf3 Rfc8 33. Nd1 Rc1 34. Rg2
Rh8 35. Re2 Rb8 36. Nf2 Rb1 37. Nd1 Rc8 38. Rdd2 Rcc1 39. Nf2 h4 40. gxh4 Bxh4
41. Nd3 Rf1+ 42. Ke3 Bf6 43. Rf2 Rh1 44. Rh2 Ke7 45. Rde2 Rbd1 46. Rxh1 Rxh1
47. Nf2 Rh2 48. Nd3 Rxh3+ 49. Kd2 a5 50. Kc2 Kd6 51. Rg2 Bd4 52. Re2 Be3 53.
Rg2 d4 54. b4 axb4 55. Rg8 Kd5 56. Nxb4+ Ke4 0-1

[Event "Chip 2004 Open Fide"]
[Site "?"]
[Date "????.??.??"]
[Round "4"]
[White "Dudognon, M."]
[Black "Gollain, M."]
[Result "1/2-1/2"]
[WhiteElo "2235"]
[BlackElo "2177"]
[PlyCount "106"]
[SourceDate "2004.07.04"]

1. d4 Nf6 2. c4 e6 3. Nf3 d5 4. g3 c5 5. Bg2 Nc6 6. cxd5 exd5 7. O-O Be7 8. Nc3
O-O 9. h3 Re8 10. b3 b6 11. Bb2 Ba6 12. Re1 Rc8 13. e3 Qd6 14. Ba3 Red8 15. Rc1
Qe6 16. Ne2 Bxe2 17. Rxe2 Ne4 18. Rec2 a5 19. h4 Bd6 20. Ng5 Nxg5 21. hxg5 Nb4
22. Bxb4 axb4 23. dxc5 Bxc5 24. Rd2 Qe7 25. Qg4 Bxe3 26. Rxc8 Bxd2 27. Qe2 Bxg5
28. Rxd8+ Qxd8 29. Bxd5 Be7 30. Qc4 Qf8 31. Kg2 Bc5 32. Qe4 g6 33. Bc4 Qe7 34.
Qd5 Qf6 35. f4 h5 36. Qd3 Kg7 37. Qd5 Qb2+ 38. Kh3 Qf6 39. Qe4 Qf5+ 40. Qxf5
gxf5 41. Bd5 Kg6 42. Bc6 Be7 43. Bd7 Bc5 44. Kg2 Kf6 45. Kf3 Bd4 46. Be8 Bc5
47. Ke2 Ke7 48. Bc6 Kf6 49. Bd5 Kg6 50. Bf3 Kh6 51. Bd5 Kg6 52. Bc4 Kf6 53. Bb5
Kg6 1/2-1/2

[Event "Chip 2004 Open Fide"]
[Site "?"]
[Date "????.??.??"]
[Round "4"]
[White "Solozhenkin, E."]
[Black "Simon, O."]
[Result "1-0"]
[WhiteElo "2480"]
[BlackElo "2309"]
[PlyCount "69"]
[SourceDate "2004.07.04"]

1. d4 Nf6 2. c4 g6 3. Nc3 Bg7 4. e4 d6 5. f3 O-O 6. Nge2 c5 7. d5 e6 8. Ng3
exd5 9. cxd5 a6 10. a4 Nbd7 11. Be2 h5 12. Be3 Ne5 13. O-O Nh7 14. Qd2 h4 15.
Nh1 g5 16. Nf2 Qf6 17. a5 Qg6 18. Na4 g4 19. fxg4 Nf6 20. h3 Nxe4 21. Nxe4 Qxe4
22. Nb6 Rb8 23. Ra4 Qg6 24. Bg5 f5 25. Nxc8 Rbxc8 26. gxf5 Rxf5 27. Rxf5 Qxf5
28. Bg4 Nxg4 29. Rxg4 Rf8 30. Bxh4 Kh7 31. Bg3 Rf7 32. Kh2 Be5 33. Qe3 Bxb2 34.
Rf4 Qxd5 35. Rh4+ 1-0

[Event "Chip 2004 Open Fide"]
[Site "?"]
[Date "????.??.??"]
[Round "4"]
[White "Abergel, T."]
[Black "Spoelman, W."]
[Result "1-0"]
[WhiteElo "2442"]
[BlackElo "2277"]
[PlyCount "69"]
[SourceDate "2004.07.04"]

1. d4 Nf6 2. Nf3 e6 3. e3 b6 4. Bd3 Bb7 5. O-O c5 6. c4 g6 7. Nc3 Bg7 8. d5
exd5 9. cxd5 d6 10. e4 O-O 11. Bf4 a6 12. a4 Nh5 13. Bg5 Bf6 14. Be3 Bc8 15. h3
Nd7 16. Be2 Bg7 17. Nd2 Qh4 18. Bxh5 gxh5 19. f4 f5 20. exf5 Rxf5 21. Qc2 Rf8
22. Rae1 Bxc3 23. bxc3 Nf6 24. Bf2 Qxf4 25. Be3 Qg3 26. Bf4 Qg6 27. Qxg6+ hxg6
28. Bxd6 Rf7 29. Nc4 Bf5 30. Nxb6 Rd8 31. Be7 Rb8 32. Bxc5 Ne4 33. Bd4 Nxc3 34.
Rf3 Nb1 35. Rf2 1-0

[Event "Chip 2004 Open Fide"]
[Site "?"]
[Date "????.??.??"]
[Round "4"]
[White "Ionescu, D."]
[Black "Toulzac, P."]
[Result "1-0"]
[WhiteElo "2395"]
[BlackElo "2297"]
[PlyCount "89"]
[SourceDate "2004.07.04"]

1. d4 Nf6 2. Bg5 Ne4 3. Bh4 g5 4. f3 gxh4 5. fxe4 e5 6. e3 Bh6 7. Nf3 Bxe3 8.
dxe5 d6 9. exd6 cxd6 10. Nc3 O-O 11. Nd5 Bh6 12. Bd3 h3 13. g3 Nd7 14. O-O Nf6
15. Nh4 Nxd5 16. exd5 Qb6+ 17. Kh1 Qxb2 18. Qh5 Qg7 19. Nf5 Bxf5 20. Qxf5 Rae8
21. Rab1 Re5 22. Qxh3 Rxd5 23. Rxb7 Ra5 24. Rb4 Bg5 25. Bf5 Rxa2 26. Rg4 h6 27.
Rf2 Ra1+ 28. Kg2 Re8 29. Qh5 Ree1 30. Rc4 Rg1+ 31. Kh3 Be7 32. Rg4 Bg5 33. Be6
Raf1 34. Bxf7+ Kh7 35. Rxf1 Rxf1 36. Bc4 Rf2 37. Qe8 Qf8 38. Qe4+ Kh8 39. Qd4+
Rf6 40. Re4 Qc8+ 41. Kg2 Qc5 42. Re8+ Kg7 43. Rg8+ Kh7 44. Qe4+ Rf5 45. Qb7+
1-0

[Event "Chip 2004 Open Fide"]
[Site "?"]
[Date "????.??.??"]
[Round "4"]
[White "Calistri, T."]
[Black "Bagheri, A."]
[Result "0-1"]
[WhiteElo "2332"]
[BlackElo "2491"]
[PlyCount "57"]
[SourceDate "2004.07.04"]

1. e4 c6 2. d4 d5 3. Nc3 g6 4. h3 Bg7 5. Nf3 Nh6 6. Bf4 f6 7. exd5 cxd5 8. Nb5
Na6 9. c4 O-O 10. Nc3 e6 11. Rc1 Re8 12. Be2 Nf7 13. O-O e5 14. Be3 e4 15. Nd2
Nc7 16. Nxd5 Nxd5 17. cxd5 f5 18. Bf4 Bh6 19. Bxh6 Nxh6 20. Re1 Nf7 21. Qa4 Bd7
22. Qa3 Qg5 23. Nc4 f4 24. Bf1 Rac8 25. Ne5 Nxe5 26. dxe5 Qxe5 27. Qxa7 Rxc1
28. Rxc1 e3 29. Re1 0-1

[Event "Chip 2004 Open Fide"]
[Site "?"]
[Date "????.??.??"]
[Round "4"]
[White "Mahesh Chandran, P."]
[Black "Lamorelle, Y."]
[Result "1-0"]
[WhiteElo "2441"]
[BlackElo "2255"]
[PlyCount "65"]
[SourceDate "2004.07.04"]

1. e4 e5 2. Nf3 Nc6 3. Bb5 a6 4. Ba4 Nf6 5. O-O Be7 6. Re1 b5 7. Bb3 d6 8. c3
O-O 9. h3 Nd7 10. d4 Bf6 11. d5 Ne7 12. a4 Bb7 13. c4 c6 14. dxc6 Nxc6 15. axb5
Nb4 16. Bd2 a5 17. Bc2 Qc7 18. b3 Nxc2 19. Qxc2 d5 20. Nc3 dxe4 21. Nxe4 Bxe4
22. Rxe4 Nc5 23. Bc3 Nxe4 24. Qxe4 Rfe8 25. b4 a4 26. c5 Qb8 27. b6 Re7 28. Nd2
g6 29. Nc4 Re6 30. b5 Bd8 31. b7 Ra7 32. c6 a3 33. Bxe5 1-0